[Event "Amsterdam Science Park op-D 3rd"]
[Site "Amsterdam"]
[Date "2013.07.14"]
[Round "9"]
[White "Kleiweg, Rene"]
[Black "Luyken, Laurens"]
[Result "1-0"]
[WhiteElo "1485"]
[BlackElo "1253"]
[PlyCount "73"]
[EventDate "2013.07.06"]
[EventType "swiss"]
[EventRounds "9"]
[EventCountry "NED"]
[SourceTitle "CBM 155 Extra"]
[Source "ChessBase"]
[SourceDate "2013.08.26"]
[SourceVersion "1"]
[SourceVersionDate "2013.08.26"]
[SourceQuality "1"]

1. e4 e6 2. d4 d5 3. exd5 exd5 4. Bd3 Nf6 5. Nf3 Bd6 6. 0-0 0-0 7. Bg5 h6 8. Bh4 Bg4 9. Nbd2 g5 10. Bg3 Bxg3 11. fxg3 Nc6 12. c3 Qd6 13. Qc2 Rae8 14. Rae1 a6 15. c4 Nb4 16. Qb3 Nxd3 17. Qxd3 dxc4 18. Nxc4 Qb4 19. a3 Qb5 20. Nfe5 Kg7 21. Rxf6 Rxe5 22. dxe5 Be6 23. b3 Qc5+ 24. Qe3 Qe7 25. h4 b5 26. Nd2 Qxa3 27. hxg5 h5 28. Qf4 Rd8 29. Rxf7+ Bxf7 30. Qf6+ Kh7 31. Qxf7+ Kh8 32. Qf6+ Kh7 33. Qxd8 Qc5+ 34. Kh2 Qf2 35. Rf1 Qc5 36. Rf7+ Kg6 37. Qg8# 1-0